000 00333nam a2200121Ia 4500
008 220204s9999 xx 000 0 und d
082 _a338.43.01(47+52)
_bSAN
100 _aSANE, G D
245 0 _aSoviet agriculture: Trials and triumphs
260 _aBombay
_bPopular Prakash
_c1972
650 _aCooperative agriculture
942 _cBK
999 _c27735
_d27735